Etika a korupcia vo verejnej správe

Z medzinárodnej konferencie uskutočnenej pod záštitou vicepremiéra I. Mikloša. Korupcia ako globálny problém. Manažment etiky vo verejnej správe. Obsah etických pravidiel a princípy etiky boja proti korupcii.

Guardado en:
Detalles Bibliográficos
Autor principal: Agha, Peter
Formato: Capítulo de libro
Lenguaje:eslovaco
Materias:
Etiquetas: Agregar Etiqueta
Sin Etiquetas, Sea el primero en etiquetar este registro!

MARC

LEADER 00000naa a2200000 4500
001 r038229
005 20230927090833.3
041 0 |a slo 
044 |a SK 
245 1 0 |a Etika a korupcia vo verejnej správe  |c Peter Agha 
520 |a Z medzinárodnej konferencie uskutočnenej pod záštitou vicepremiéra I. Mikloša. Korupcia ako globálny problém. Manažment etiky vo verejnej správe. Obsah etických pravidiel a princípy etiky boja proti korupcii. 
610 2 0 |a korupcia 
610 2 0 |a etika 
610 2 0 |a kódexy etické 
610 2 0 |a správa verejná 
610 2 0 |a právo trestné 
610 2 0 |a konferencie 
100 1 |a Agha, Peter